| 000 | 01480cam a2200193 i 4500 | ||
|---|---|---|---|
| 020 | _a9789351484004 | ||
| 020 | _a9351484009 | ||
| 020 | _a9789351484011 | ||
| 082 |
_a226.506 _bTHO |
||
| 100 | 1 | _aThomaskutty, Johnson, | |
| 245 | 1 | 4 | _aThe Gospel of John : Contemporary Readings |
| 260 |
_aBanglore _bOmega Book World _c2023 |
||
| 300 | _axix, 302 pages ; | ||
| 490 | 1 | _aBiblical hermeneutics rediscovered ; | |
| 505 | 0 | _aPart 1. Universalistic Linguistics and Literary Characteristics of John -- Part 2. Universalistic Nature of Themes and Characters in John -- Part 3. Dynamic Localization: Johannine Texts and the Contexts. | |
| 520 | _aThe Fourth Gospel functions as a literary masterpiece that facilitates a narrative beyond the time and space aspects. The Gospel's linguistic phenomena and stylistic aspects are peculiar as they attune the attention of the readers to a dramatic and ideological world of its own. The connection between the narrator and the readers is established from an eternal vantage point as the narrator directs the readers towards atemporal and universal realities. The peculiar linguistic and idiosyncratic techniques of the narrator have the power to absorb the attention of the readers not only from a 'there and then' and 'here and now' senses but also from an 'everywhere and ever' perspective. In that sense, the Fourth Gospel functions as a gnomic and universalistic artistry. (Publisher). | ||
| 700 | 1 | _aAnderson, Paul N., | |
| 942 | _cBK | ||
| 999 |
_c23606 _d23606 |
||